Reportaje a la universidad

El autor a través de este libro rescata, recopila, valora y difunde la historia de la Universidad del Tolima a modo de reportaje.

সংরক্ষণ করুন:
গ্রন্থ-পঞ্জীর বিবরন
প্রধান লেখক: Pérez Salamanca, Camilo
বিন্যাস: গ্রন্থ
ভাষা:Spanish
প্রকাশিত: Ibagué: Universidad del Tolima, 1990
বিষয়গুলি:
অনলাইন ব্যবহার করুন:Enlace del recurso
ট্যাগগুলো: ট্যাগ যুক্ত করুন
কোনো ট্যাগ নেই, প্রথমজন হিসাবে ট্যাগ করুন!

MARC

LEADER 00000nam a2200000 a 4500
001 000897
008 030415s1990 ck a fr# #000|0#spa#d
041 0 |a spa 
043 |a s-ck--- 
082 0 4 |a 378.009861  |b P262r 
100 1 |a Pérez Salamanca, Camilo 
245 1 0 |a Reportaje a la universidad   |c Camilo Pérez Salamanca 
260 |a Ibagué:  |b Universidad del Tolima,  |c 1990 
300 |a 321 p. 
520 3 |a El autor a través de este libro rescata, recopila, valora y difunde la historia de la Universidad del Tolima a modo de reportaje. 
650 1 4 |a EDUCACIÓN SUPERIOR  |z COLOMBIA 
650 1 4 |a SOCIOLOGÍA DE LA EDUCACIÓN 
999 |c 3049  |d 3049 
856 |u https://catalogo.idep.edu.co/cgi-bin/koha/opac-detail.pl?biblionumber=3049  |z Enlace del recurso